European countries by demographics change - Statistics

General Stats
  • This quiz has been taken 17 times
  • The average score is 12 of 83
Answer Stats
Greatest positive change Answer % Correct
5, 930, 024 Spain
100%
8, 962, 702 UK
100%
6, 258, 415 France
90%
3, 769, 648 Italy
70%
- 5, 104, 303 Ukraine
70%
2, 383, 060 Germany
60%
- 1, 049, 512 Bulgaria
50%
- 2, 899, 728 Romania
50%
1, 154, 683 Ireland
40%
1, 208, 684 Netherlands
40%
1, 237, 625 Sweden
40%
937, 122 Austria
30%
1, 307, 590 Belgium
30%
451, 008 Denmark
30%
921, 874 Norway
30%
1, 510, 861 Switzerland
30%
352, 766 Finland
20%
60, 808 Iceland
20%
7 Italy
20%
4, 944 Liechtenstein
20%
- 779, 550 Lithuania
20%
189, 875 Luxembourg
20%
47, 898 malta
20%
470,441 Russia
20%
6, 469 San Marino
20%
16 Vatican City
20%
11, 875 Andorra
10%
- 470, 357 Bosnia and Herzegovina
10%
4.9 Bulgaria
10%
- 322, 808 Croatia
10%
5.6 Germany
10%
- 659, 050 Greece
10%
7.6 Greece
10%
- 560, 156 Hungary
10%
6 Latvia
10%
9.2 Lithuania
10%
7, 095 Monaco
10%
14, 507 Montenegro
10%
- 710, 082 Poland
10%
- 100, 403 Portugal
10%
8.3 Romania
10%
- 750, 245 Serbia
10%
91, 221 Slovenia
10%
7.3 Spain
10%
- 251, 446 Albania
0%
9.4 Albania
0%
5.3 Austria
0%
- 422, 309 Belarus
0%
3.8 Belarus
0%
2.9 Belgium
0%
8.1 Bosnia and Herzegovina
0%
5.4 Croatia
0%
419, 608 Czechia
0%
5.7 Czechia
0%
3.9 Denmark
0%
- 72, 577 Estonia
0%
4.4 Estonia
0%
3.7 Finland
0%
4.6 France
0%
4.8 Hungary
0%
4.6 Iceland
0%
6.4 Ireland
0%
- 497, 966 Latvia
0%
2.4 Luxembourg
0%
6.1 Malta
0%
- 168, 695 Moldova
0%
6.3 Moldova
0%
4.4 Montenegro
0%
5.8 Netherlands
0%
48, 555 North Macedonia
0%
6.8 North Macedonia
0%
2.9 Norway
0%
6.7 Poland
0%
8.4 Portugal
0%
3.1 Russia
0%
5.5 Serbia
0%
60, 431 Slovakia
0%
7.3 Slovakia
0%
6.4 Slovenia
0%
1.7 Sweden
0%
4.5 Switzerland
0%
2.9 UK
0%
3.4 Ukraine
0%
No matching quizzes found
Score Distribution
Percent of People with Each Score
Percentile by Number Answered
Your Score History
You have not taken this quiz